000
00295nam a22001337a 4500
008
170929b xxu||||| |||| 00| 0 eng d
020
_a
9780789171498
041
_a
eng
080
_a
37
100
_a
47
101
_a
EDU
245
_a
A MULTICULTURAL READER
_c
SCHUMACHER,J,A
942
_2
udc
_c
BK
999
_c
30653
_d
30653